[Event "FRA Top 16 Lower Pool U16"]
[Site "France"]
[Date "2022.06.04"]
[Round "1.5"]
[White "Rakotomamonjy, Alucard"]
[Black "Kouam, Noe"]
[Result "0-1"]
[WhiteElo "1318"]
[BlackElo "1549"]
[PlyCount "68"]
[EventDate "2022.06.04"]
[EventType "tourn"]
[EventRounds "4"]
[EventCountry "FRA"]
[SourceTitle "EXT 2023"]
[Source "ChessBase"]
[SourceDate "2022.10.05"]
[SourceVersion "1"]
[SourceVersionDate "2022.10.05"]
[SourceQuality "1"]

1. e4 e6 2. d3 d5 3. Nd2 Be7 4. Ngf3 dxe4 5. dxe4 Nf6 6. g3 Bd7 7. Bg2 Bc6 8. Qe2 Nbd7 9. 0-0 Nb6 10. Re1 0-0 11. e5 Nfd5 12. h4 h6 13. Nf1 Nd7 14. N1h2 Re8 15. Ng4 Bf8 16. Nd4 Nb8 17. c4 Ne7 18. Rd1 Qc8 19. Bxh6 Nf5 20. Nxc6 Nxc6 21. Bxc6 bxc6 22. Bg5 Bc5 23. Kg2 Bd4 24. Ne3 Bxe5 25. Nxf5 exf5 26. Qc2 Rb8 27. Rab1 f4 28. Rd3 fxg3 29. fxg3 Qf5 30. Qd1 Qe4+ 31. Kh2 Qxc4 32. b3 Qe4 33. Re3 Qg6 34. h5 Qxg5 0-1